| 000 | 01008nam a2200301 i 4500 | ||
|---|---|---|---|
| 001 | 000045136 | ||
| 003 | DO-SdBNP | ||
| 005 | 20240503073631.0 | ||
| 007 | ta | ||
| 008 | 150204s2011 dr a 000 0 spa d | ||
| 020 | _a9945429019 | ||
| 040 |
_aDO-SdBNP _bspa _cBNPHU _erda |
||
| 082 | 4 |
_a863.3 _bC419d 2011 _222 |
|
| 100 | 1 |
_aCervantes Saavedra, Miguel de, _d1547-1616 _93070 |
|
| 245 | 1 | 0 |
_aDon Quijote de la mancha / _cMiguel de Cervantes ; prólogo Josefina Aldecoa ; edición Nieves Sánchez Mendieta. |
| 250 | _a3a. ed. | ||
| 264 |
_aSanto Domingo : _bSantillana, _c2011 |
||
| 300 |
_a301 páginas : _bilustraciones; _c21 cm. |
||
| 336 |
_2rdacontent _atexto _btxt |
||
| 337 |
_2rdamedia _asin mediación _bn |
||
| 338 |
_2rdacarrier _avolumen _bnc |
||
| 490 | _aAlfaguara infantil | ||
| 590 | _aInventariado, 2023/BT | ||
| 700 | 1 |
_aAldecoa, Josefina, _eprólogo _973149 |
|
| 700 | 1 |
_aSánchez Mendieta, Nieves, _eedición _973150 |
|
| 910 | _aValidado. Control de calidad MFF | ||
| 942 |
_2ddc _cLBS1 |
||
| 999 |
_c44625 _d44625 |
||